Wiedza ogólna - geografia #15 - Statystyki

Ogólne statystyki
  • Ten quiz został rozwiązany 26 razy
    14 od ostatniego zresetowania
  • Średni wynik to 3 z 5
Statystyki odpowiedzi
Opis Odpowiedź % Poprawnych
Starzejący się kontynent, nazywany "starym kontynentem" Europa
100%
Największe polskie województwo Mazowieckie
83%
Stolica Chin Pekin
83%
Jednostka długości w kosmosie rok świetlny
50%
Najstarsze polskie drzewo to cis Henrykowski
8%
Nie znaleziono quizów pasujących do podanych kryteriów
Rozkład punktacji
Procent ludzi z każdym wynikiem
Percentyl według liczby udzielonych odpowiedzi
Twoja historia wyników
Nie rozwiązałeś tego quizu od ostatniego zresetowania